Making Equality Rights Real Securing Substantive Equality under the Charter

Detalles Bibliográficos
Autor principal: Faraday, Fay
Otros Autores: Stephenson, Kate, Denike, Margaret
Formato: eBook
Lenguaje:inglés
Publicado: Toronto: Irwin Law Inc., 2009
Materias:
Acceso en línea:Acceso restringido

MARC

LEADER 00000nam a22000007a 4500
005 20210812235118.0
007 cr|||| ||||
008 210812s2009 ca |||||s|||| 00||0 eng d
020 |a 9781552213490 
035 |a 34939 
040 |a vLex 
090 |c 12000  |d 12000 
100 1 |a Faraday, Fay 
245 1 0 |a Making Equality Rights Real Securing Substantive Equality under the Charter  |h [Recurso electrn̤ico] /  |c Fay Faraday, Kate Stephenson, Margaret Denike 
256 |a Servicio en ln̕ea 
260 |a Toronto:  |b Irwin Law Inc.,  |c 2009 
300 |a 1 recurso electrn̤ico 
506 1 |a Disponible solo en los productos indicados  |d vLex Global  |d vLex Global (Academic Edition, excluding Law Schools)  |d vLex Global (U.S. Academic Edition, Law Schools)  |d vLex Global (U.S. Academic Edition, excluding Law Schools)  |d vLex Global (Academic Edition, Law Schools) 
650 0 4 |a Derecho Internacional  |z Canad̀ 
700 1 |a Stephenson, Kate 
700 1 |a Denike, Margaret 
740 0 |a vLex Libros (Servicio en ln̕ea) 
856 4 0 |u https://app.vlex.com/#/sources/34939  |z Acceso restringido 
942 |c BOOK 
999 0 |a International right